Statistics for Countries of South America - dark mode

Click here to take the quiz!

General Stats

  • This quiz has been taken 29 times
  • The average score is 10 of 12

Answers on the Map

Answers color-coded by a green-red scale on the quiz's map according to % correct below.
 

Answer Stats

Country% Correct
Brazil
96%
Argentina
88%
Chile
88%
Colombia
88%
Peru
88%
Venezuela
88%
Bolivia
85%
Paraguay
85%
Uruguay
85%
Guyana
77%
Ecuador
73%
Suriname
69%

Score Distribution

Percentile by Number Answered

Percent of People with Each Score

Your Score History

You have not taken this quiz